000 00681nam a2200181Ia 4500
008 100920s9999 xx 000 0 und d
082 _b63484
_a61 थ 63
100 _aकलगुटकर हिराकांत.
245 _aचोर सोडून संन्यासी.
260 _bमॅजेस्टिक बुक स्टॉल, मुंबई.
_c1963
300 _a80
_bसाधी
365 _b2
520 _aस्थानिक वाचन.
630 _aचोर सोडून संन्यासी.
650 _aस्थानिक वाचन.
730 _aचोर सोडून संन्यासी.
942 _cBOOK
999 _c706564
_d706561